Pays d'Europe par les deux dernières lettres - Statistiques

Statistiques générales
  • Ce quiz a été pris 836 fois
  • Le résultat moyen est 34 sur 45
Réponses sur la Carte
Les réponses sont colorées sur une échelle allant du rouge au vert en fonction du pourcentage des utilisateurs qui les ont devinées à leur premier essai. Vous pouvez retrouver ces pourcentages ci-dessous.
 
Statistiques - réponses
Pays % Correct
Bosnie- Herzégovine
94%
Allemagne
93%
Espagne
93%
France
93%
Grèce
93%
Macédoine du Nord
93%
Pologne
93%
Ukraine
93%
Biélorussie
91%
République tchèque
91%
Albanie
90%
Bulgarie
90%
Croatie
90%
Estonie
90%
Finlande
90%
Hongrie
90%
Irlande
90%
Islande
90%
Italie
90%
Lettonie
90%
Lituanie
90%
Moldavie
90%
Roumanie
90%
Russie
90%
Serbie
90%
Slovaquie
90%
Slovénie
90%
Suède
90%
Royaume-Uni
88%
Portugal
83%
Norvège
76%
Belgique
68%
Suisse
68%
Pays-Bas
59%
Autriche
54%
Danemark
52%
Andorre
48%
Luxembourg
37%
Liechtenstein
36%
Monaco
36%
Saint-Marin
36%
Vatican
34%
Kosovo
31%
Monténégro
25%
Malte
16%
Aucun quiz correspondant
Distribution des résultats
% des personnes avec chaque résultat
Percentile par nombre de réponses
Votre historique - résultats
Vous n’avez pas pris ce quiz